000 00219nam a22000857a 4500
008 161116b xxu||||| |||| 00| 0 eng d
100 _91242
_aBPI India
245 _aThe Fox who Lost Tail
260 _aNew Delhi
_bBPI India
_c2011
999 _c3947
_d3947